000 00477cam a2200193ua 4500
001 6781
008 140220n ii |||gr||||Z||||||eng
040 _cMAIN
082 _a651
245 _aSecretarial practice
_cBy M.M. Varma
260 _aDelhi:
_bForward book depot,
_c1995.
300 _aviii,248p.
653 _aOffice services
653 _aSecretarial practice
653 _aCommerce
700 _aVarma,M.M.,
_eAuthor.,
700 _aAgarwal,
_eAuthor.
942 _cBK
999 _c5929
_d5929